000 00768nam a22002297i 4500
003 URS
005 20220114153342.0
008 171019b xxu||||| |||| 00| 0 eng d
020 _a9712326705
040 _erda
_cURSP-College Library
_beng
050 _b651 An 25 1999
100 1 _aAndres, Tomas Quintin Donato
245 _aHow to Become a Successful Secretary:
_bA Manual Volume II-The Musts of the Secretarial and Office Managers Responsibility
_cTomas, Quintin Donato Andres
264 1 _aManila
_bRex Book Store
_c1999.
300 _avii, 104pages
_c22cm.
336 _atext
_btxt
_2rdacontent
337 _aunmediated
_bn
_2rdamedia
338 _avolume
_bnc
_2rdacarrier
500 _aIncludes bibliography
650 0 _asuccessful-secretary.
942 _2lcc
_cF
999 _c8477
_d8477